<?xml version="1.0" encoding="UTF-8"?>
<record
    xmlns:xsi="http://www.w3.org/2001/XMLSchema-instance"
    xsi:schemaLocation="http://www.loc.gov/MARC21/slim http://www.loc.gov/standards/marcxml/schema/MARC21slim.xsd"
    xmlns="http://www.loc.gov/MARC21/slim">

  <leader>02291cam a22003495i 4500</leader>
  <datafield tag="999" ind1=" " ind2=" ">
    <subfield code="c">27660</subfield>
    <subfield code="d">27631</subfield>
  </datafield>
  <controlfield tag="001">ssj0002097814</controlfield>
  <controlfield tag="003">EG-ScBUE</controlfield>
  <controlfield tag="005">20191001122319.0</controlfield>
  <controlfield tag="008">180129s2018    enka   f b    001 0 eng d</controlfield>
  <datafield tag="020" ind1=" " ind2=" ">
    <subfield code="a">9780198808008</subfield>
  </datafield>
  <datafield tag="040" ind1=" " ind2=" ">
    <subfield code="a">YDX</subfield>
    <subfield code="b">eng</subfield>
    <subfield code="e">rda</subfield>
    <subfield code="c">YDX</subfield>
    <subfield code="d">BDX</subfield>
    <subfield code="d">ERASA</subfield>
    <subfield code="d">CDX</subfield>
    <subfield code="d">OCLCF</subfield>
    <subfield code="d">CRU</subfield>
    <subfield code="d">UKMGB</subfield>
    <subfield code="d">DLC</subfield>
    <subfield code="d">WaSeSS</subfield>
    <subfield code="d">EG-ScBUE</subfield>
  </datafield>
  <datafield tag="082" ind1="0" ind2="4">
    <subfield code="a">324.2</subfield>
    <subfield code="b">RAH</subfield>
    <subfield code="2">22</subfield>
  </datafield>
  <datafield tag="100" ind1="1" ind2=" ">
    <subfield code="a">Raha&#x1E6D;, Gid&#x2BB;on,</subfield>
    <subfield code="e">author.</subfield>
  </datafield>
  <datafield tag="245" ind1="1" ind2="0">
    <subfield code="a">From party politics to personalized politics? :</subfield>
    <subfield code="b">party change and political personalization in democracies /</subfield>
    <subfield code="c">Gideon Rahat and Ofer Kenig.</subfield>
  </datafield>
  <datafield tag="250" ind1=" " ind2=" ">
    <subfield code="a">First edition.</subfield>
  </datafield>
  <datafield tag="264" ind1=" " ind2="1">
    <subfield code="a">Oxford, United Kingdom :</subfield>
    <subfield code="b">Oxford University Press,</subfield>
    <subfield code="c">2018.</subfield>
  </datafield>
  <datafield tag="300" ind1=" " ind2=" ">
    <subfield code="a">xii, 386 pages :</subfield>
    <subfield code="b">illustrations ;</subfield>
    <subfield code="c">25 cm.</subfield>
  </datafield>
  <datafield tag="336" ind1=" " ind2=" ">
    <subfield code="a">text</subfield>
    <subfield code="b">txt</subfield>
    <subfield code="2">rdacontent</subfield>
  </datafield>
  <datafield tag="337" ind1=" " ind2=" ">
    <subfield code="a">unmediated</subfield>
    <subfield code="b">n</subfield>
    <subfield code="2">rdamedia</subfield>
  </datafield>
  <datafield tag="338" ind1=" " ind2=" ">
    <subfield code="a">volume</subfield>
    <subfield code="b">nc</subfield>
    <subfield code="2">rdacarrier</subfield>
  </datafield>
  <datafield tag="490" ind1="0" ind2=" ">
    <subfield code="a">Comparative politics (Oxford University Press)</subfield>
  </datafield>
  <datafield tag="504" ind1=" " ind2=" ">
    <subfield code="a">Includes bibliographical references and indexes.</subfield>
  </datafield>
  <datafield tag="505" ind1="0" ind2="0">
    <subfield code="a">Machine generated contents note:</subfield>
    <subfield code="g">1.</subfield>
    <subfield code="t">Introduction --</subfield>
    <subfield code="g">pt. I</subfield>
    <subfield code="t">Party Change --</subfield>
    <subfield code="g">2.</subfield>
    <subfield code="t">Party Change: The Variance Hiding behind the General Trend --</subfield>
    <subfield code="g">3.</subfield>
    <subfield code="t">Indicators of Party Change --</subfield>
    <subfield code="g">4.</subfield>
    <subfield code="t">Presence and Success of National-Level Parties in Local and Regional Elections --</subfield>
    <subfield code="g">5.</subfield>
    <subfield code="t">Cross-National Comparison of Party Change --</subfield>
    <subfield code="g">pt. II</subfield>
    <subfield code="t">Political Personalization --</subfield>
    <subfield code="g">6.</subfield>
    <subfield code="t">Political Personalization: Definition, Typology, and Causes --</subfield>
    <subfield code="g">7.</subfield>
    <subfield code="t">Indicators of Political Personalization --</subfield>
    <subfield code="g">8.</subfield>
    <subfield code="t">Parties versus Politicians Online --</subfield>
    <subfield code="g">9.</subfield>
    <subfield code="t">Cross-National Analysis of Political Personalization --</subfield>
    <subfield code="g">pt. III</subfield>
    <subfield code="t">Party Change and Political Personalization --</subfield>
    <subfield code="g">10.</subfield>
    <subfield code="t">Party Change and Political Personalization: A Critical Overview of the Literature --</subfield>
    <subfield code="g">11.</subfield>
    <subfield code="t">Party Change and Political Personalization: An Empirical Analysis --</subfield>
    <subfield code="g">12.</subfield>
    <subfield code="t">Summary and Conclusions.</subfield>
  </datafield>
  <datafield tag="506" ind1=" " ind2=" ">
    <subfield code="a">Available on campus and off campus with authorized login.</subfield>
  </datafield>
  <datafield tag="520" ind1="8" ind2=" ">
    <subfield code="a">This volumes examines two major developments in contemporary democratic politics- the change in party-society linkage and political personalization-and their relation to each other.</subfield>
  </datafield>
  <datafield tag="650" ind1=" " ind2="7">
    <subfield code="a">Political parties.</subfield>
    <subfield code="2">BUEsh</subfield>
  </datafield>
  <datafield tag="650" ind1=" " ind2="7">
    <subfield code="a">Personality and politics.</subfield>
    <subfield code="2">BUEsh</subfield>
  </datafield>
  <datafield tag="650" ind1=" " ind2="7">
    <subfield code="a">Democracy.</subfield>
    <subfield code="2">BUEsh</subfield>
  </datafield>
  <datafield tag="653" ind1=" " ind2=" ">
    <subfield code="b">MASPPSS</subfield>
    <subfield code="c">October2019</subfield>
  </datafield>
  <datafield tag="700" ind1="1" ind2=" ">
    <subfield code="a">Kenig, Ofer,</subfield>
    <subfield code="d">1971-</subfield>
    <subfield code="e">author.</subfield>
  </datafield>
  <datafield tag="942" ind1=" " ind2=" ">
    <subfield code="2">ddc</subfield>
    <subfield code="c">BB</subfield>
  </datafield>
  <datafield tag="952" ind1=" " ind2=" ">
    <subfield code="0">0</subfield>
    <subfield code="1">0</subfield>
    <subfield code="2">ddc</subfield>
    <subfield code="4">0</subfield>
    <subfield code="7">0</subfield>
    <subfield code="8">Baccah</subfield>
    <subfield code="a">MAIN</subfield>
    <subfield code="b">MAIN</subfield>
    <subfield code="c">1ST</subfield>
    <subfield code="d">2019-10-01</subfield>
    <subfield code="e">Purchase</subfield>
    <subfield code="g">1180.00</subfield>
    <subfield code="l">0</subfield>
    <subfield code="o">324.2 RAH</subfield>
    <subfield code="p">000048083</subfield>
    <subfield code="r">2025-07-15 00:00:00</subfield>
    <subfield code="v">1475.00</subfield>
    <subfield code="w">2019-10-01</subfield>
    <subfield code="y">BB</subfield>
  </datafield>
</record>
